000 02452nam0a2200397 i 4500
001 RU\NLR\BIBL_A\011105426
005 20260406051552.0
010 _a9785710331682
_9100
021 _aRU
_b2016-26244
_91674
035 _a(NILC)RuMoRGB-008264917
035 _a(NLR Aleph) 011105426
090 _a11444049
_c11444049
100 _a20160420d2015 km y0rusy50 ca
101 0 _arus
_deng
_eeng
102 _aRU
105 _aa|||z|||000yy
200 1 _aДинамика сорного компонента агрофитоценозов в земледелии юга Нечерноземья
_dDynamics of weed component agrophytocenoses in agriculture south nechernozemie
_eмонография
_f[Д. В. Бочкарев, Н. В. Смолин, А. Н. Никольский, Т. Ф. Девяткина]
_gМ-во образования и науки Российской Федерации, Федеральное гос. бюджетное образовательное учреждение высш. проф. образования "Мордовский гос. ун-т им. Н. П. Огарёва"
_zeng
210 _aСаранск
_cИзд-во Мордовского университета
_d2015
215 _a173, [2] с.
_cтабл., цв. ил.
_d20
300 _aАвт. указаны на обороте тит. с.
300 _aРез. англ.
320 _aБиблиогр.: с. 165-174 (164 назв.)
510 1 _aDynamics of weed component agrophytocenoses in agriculture south nechernozemie
_zeng
606 1 _aАгрофитоценозы
_xСорные растения
_yРоссийская Федерация
_yНечернозёмный центр
_92287514
_3RU\NLR\AUTH\6601597924
675 _a632
686 1 _aП146.71(2Р344)
701 1 _aБочкарев
_bД. В.
_gДмитрий Владимирович
701 1 _8rus
_7ca
_aСмолин
_bН. В.
_gНиколай Васильевич
_3RU\NLR\AUTH\776808
_9116756
701 1 _aНикольский
_bА.Н.
_gАлександр Николаевич
701 1 _aДевяткина
_bТ. Ф.
_gТатьяна Федоровна
712 0 2 _4570
_aМордовский государственный университет им. Н. П. Огарева
_cСаранск
_9357326
_3RU\NLR\AUTH\889930926
801 0 _aRU
_bРГБ
_c20160401
_gRCR
942 _cBOOK
980 _aNBR